Villes de Ligue 1 sur une carte - Map Quiz - Statistiques

Statistiques générales
  • Ce quiz a été pris 1 503 fois
  • Le résultat moyen est 15 sur 18
Réponses sur la Carte
Les réponses sont colorées sur une échelle allant du rouge au vert en fonction du pourcentage des utilisateurs qui les ont devinées à leur premier essai. Vous pouvez retrouver ces pourcentages ci-dessous.
 
Statistiques - réponses
Réponse % Correct
Paris
95%
Marseille
89%
Strasbourg
89%
Le Havre
86%
Brest
84%
Lille
83%
Montpellier
83%
Nantes
83%
Toulouse
83%
Lyon
81%
Rennes
81%
Monaco
80%
Saint-Etienne
79%
Auxerre
77%
Reims
77%
Angers
73%
Lens
73%
Nice
71%
Aucun quiz correspondant
Distribution des résultats
% des personnes avec chaque résultat
Percentile par nombre de réponses
Votre historique - résultats
Vous n’avez pas pris ce quiz